Revista de contabilidad / (Registro nro. 8081)
[ vista simple ]
| 000 -LEADER | |
|---|---|
| fixed length control field | 01842nas a2200445 a 4500 |
| 001 - CONTROL NUMBER | |
| control field | 9917801289004201 |
| 005 - DATE AND TIME OF LATEST TRANSACTION | |
| control field | 20250329173736.0 |
| 006 - FIXED-LENGTH DATA ELEMENTS--ADDITIONAL MATERIAL CHARACTERISTICS | |
| fixed length control field | m o d |
| 007 - PHYSICAL DESCRIPTION FIXED FIELD--GENERAL INFORMATION | |
| fixed length control field | c --- |
| 007 - PHYSICAL DESCRIPTION FIXED FIELD--GENERAL INFORMATION | |
| fixed length control field | cr cma--- |
| 008 - FIXED-LENGTH DATA ELEMENTS--GENERAL INFORMATION | |
| fixed length control field | 090902c19979999 fr p o 0 a0spa c |
| 010 ## - LIBRARY OF CONGRESS CONTROL NUMBER | |
| LC control number | 2010252770 |
| 022 ## - INTERNATIONAL STANDARD SERIAL NUMBER | |
| International Standard Serial Number | 1988-4672 |
| 040 ## - CATALOGING SOURCE | |
| Original cataloging agency | CO-CtgCURN |
| Transcribing agency | coctgcurn |
| 041 0# - LANGUAGE CODE | |
| Language code of text/sound track or separate title | spa |
| -- | eng |
| 042 ## - AUTHENTICATION CODE | |
| Authentication code | pcc |
| 082 04 - DEWEY DECIMAL CLASSIFICATION NUMBER | |
| Classification number | 657 |
| Item number | A837 |
| 110 2# - MAIN ENTRY--CORPORATE NAME | |
| Corporate name or jurisdiction name as entry element | Asociación Española de Profesores Universitarios de Contabilidad. |
| 210 1# - ABBREVIATED TITLE | |
| Abbreviated title | Rev. contab. |
| Qualifying information | (Internet) |
| 222 #0 - KEY TITLE | |
| Key title | Revista de contabilidad |
| Qualifying information | (Internet) |
| 245 10 - TITLE STATEMENT | |
| Title | Revista de contabilidad / |
| Statement of responsibility, etc. | Asociación Española de Profesores Universitarios de Contabilidad. |
| 260 ## - PUBLICATION, DISTRIBUTION, ETC. | |
| Place of publication, distribution, etc. | Valencia, España : |
| Name of publisher, distributor, etc. | Asociación Española de Profesores Universitarios de Contabilidad |
| 310 ## - CURRENT PUBLICATION FREQUENCY | |
| Current publication frequency | Semiannual |
| 336 ## - CONTENT TYPE | |
| Content type term | text |
| Content type code | txt |
| Source | rdacontent |
| 337 ## - MEDIA TYPE | |
| Media type term | computer |
| Media type code | c |
| Source | rdamedia |
| 338 ## - CARRIER TYPE | |
| Carrier type term | online resource |
| Carrier type code | cr |
| Source | rdacarrier |
| 362 1# - DATES OF PUBLICATION AND/OR SEQUENTIAL DESIGNATION | |
| Dates of publication and/or sequential designation | Began with: Vol. 1, no. 1 (enero/jun. 1998) |
| 500 ## - GENERAL NOTE | |
| General note | Refereed/Peer-reviewed. |
| 506 0# - RESTRICTIONS ON ACCESS NOTE | |
| Standardized terminology for access restriction | Unrestricted online access |
| Source of term | star. |
| 500 ## - GENERAL NOTE | |
| General note | First issue preceded by: Vol. 0, no. 0 (enero/dic. 1997) |
| 546 ## - LANGUAGE NOTE | |
| Language note | In Spanish and English. |
| 588 ## - SOURCE OF DESCRIPTION NOTE | |
| Source of description note | Description based on: Vol. 1, no. 1 (enero/jun. 1998); title from journal home page (publisher's Web site, viewed June 18, 2010) |
| 588 ## - SOURCE OF DESCRIPTION NOTE | |
| Source of description note | Latest issue consulted: Vol. 21, Núm. 2 (julio 2018) (Elsevier, viewed November 29, 2018) |
| 650 #0 - SUBJECT ADDED ENTRY--TOPICAL TERM | |
| Topical term or geographic name entry element | Contaduría |
| Form subdivision | Periodicas. |
| 650 #7 - SUBJECT ADDED ENTRY--TOPICAL TERM | |
| Topical term or geographic name entry element | Contabilidad. |
| Source of heading or term | fast |
| Authority record control number or standard number | (OCoLC)fst00795379 |
| 710 2# - ADDED ENTRY--CORPORATE NAME | |
| Corporate name or jurisdiction name as entry element | Asociación Española de Profesores Universitarios de Contabilidad. |
| 776 0# - ADDITIONAL PHYSICAL FORM ENTRY | |
| International Standard Serial Number | 1138-4891 |
| 856 7# - ELECTRONIC LOCATION AND ACCESS | |
| Uniform Resource Identifier | <a href="https://asepuc.org/revista-de-contabilidad-spanish-accounting-review/">https://asepuc.org/revista-de-contabilidad-spanish-accounting-review/</a> |
| Public note | Clic aqui para enlazar con la revista |
| Withdrawn status | Lost status | Damaged status | Not for loan | Collection | Home library | Current library | Shelving location | Date acquired | Total checkouts | Full call number | Date last seen | Price effective from | Koha item type |
|---|---|---|---|---|---|---|---|---|---|---|---|---|---|
| Revistas electrónicas | Miguel Henríquez Castañeda | Miguel Henríquez Castañeda | Referencia | 03/29/2025 | 657 A837 | 03/29/2025 | 03/29/2025 | Revistas electrónicas |